000
00351nam a2200133Ia 4500
008
151213s9999 xx 000 0 und d
245
_a
Statistical Year Book Of Bangladesh - 2000 .
250
_a
21st
260
_a
Bangladesh
_b
Bangladesh Bureau Of Statistics
_c
2002
300
_a
1586 p.
650
_a
Reference
650
_a
Reference
999
_c
1209
_d
1209